MARC

LEADER 00000nam0a2200000 4500
001 285829
005 20231101235831.0
020 |a RU  |b 85-38601 
035 |a (RuTPU)RU\TPU\book\310110 
090 |a 285829 
100 |a 20150228d1985 k y0rusy5003 ca 
101 0 |a rus 
102 |a UA 
105 |a a z 001zy 
200 1 |a Минеральные равновесия и условия метаморфизма докембрийских мафитов  |f Б. Г. Яковлев, С. Б. Степченко  |g Академия наук Украинской ССР (АН УССР), Институт геохимии и физики минералов 
210 |a Киев  |c Наукова думка  |d 1985 
215 |a 224 с.  |c ил., 10 л. ил. 
320 |a Библиогр.: с. 185-193 
606 1 |a Метаморфизм  |x (петрография)  |2 stltpush  |3 (RuTPU)RU\TPU\subj\43405  |9 62910 
610 1 |a минералообразование 
610 1 |a горные породы основные 
610 1 |a докембрийские отложения 
610 1 |a генетическая типизация 
610 1 |a мафитовые породы 
610 1 |a нижний докембрий 
610 1 |a мафит-ультрамафитовые горные породы 
610 1 |a Канада 
610 1 |a Гренландия 
610 1 |a изоморфизм 
610 1 |a термодинамические свойства 
675 |a 552.16  |z rus  |v 3 
700 1 |a Яковлев  |b Б. Г.  |g Борис Гаврилович  |4 070 
701 1 |a Степченко  |b С. Б.  |g Сергей Борисович  |4 070 
712 0 2 |a Академия наук Украинской ССР (АН УССР)  |b Институт геохимии и физики минералов  |2 stltpush  |3 (RuTPU)RU\TPU\col\13747 
801 0 |a RU  |b RuMRKP  |c 19950704  |g psbo 
801 1 |a RU  |b 63413507  |c 20150228 
801 2 |a RU  |b 63413507  |c 20171109  |g RCR 
942 |c BK